Строение и свойства двойных металлических систем
| Autor principal: | |
|---|---|
| Altres autors: | |
| Idioma: | rus |
| Publicat: |
Москва, Физматгиз, 1959-1979
|
| Format: | MixedMaterials Llibre |
| KOHA link: | https://koha.lib.tpu.ru/cgi-bin/koha/opac-detail.pl?biblionumber=241877 |
MARC
| LEADER | 00000nam1a2200000 4500 | ||
|---|---|---|---|
| 001 | 241877 | ||
| 005 | 20231031210046.0 | ||
| 035 | |a (RuTPU)RU\TPU\book\263166 | ||
| 090 | |a 241877 | ||
| 100 | |a 20130820d1959 k y0rusy50 ca | ||
| 101 | 0 | |a rus | |
| 102 | |a RU | ||
| 200 | 1 | |a Строение и свойства двойных металлических систем |f А. Е. Вол |g под ред. Н. В. Агеева | |
| 210 | |a Москва |c Физматгиз |d 1959-1979 | ||
| 700 | 1 | |a Вол |b А. Е. |g Абрам Евгеньевич | |
| 702 | 1 | |a Агеев |b Н. В. |4 340 | |
| 801 | 1 | |a RU |b 63413507 |c 20130820 | |
| 801 | 2 | |a RU |b 63413507 |c 20130821 |g RCR | |
| 942 | |c BK | ||